Strategická analýza vybraných faktorů podnikání v Evropské unii
Saved in:
| Main Author: | |
|---|---|
| Corporate Author: | |
| Format: | Book |
| Language: | Czech |
| Published: |
Praha
VŠE v Praze, Nakladatelství Oeconomica
2005
|
| Subjects: | |
| Tags: |
No Tags, Be the first to tag this record!
|
MARC
| LEADER | 00000nam$a2200000$$$4500 | ||
|---|---|---|---|
| 001 | 0041006 | ||
| 005 | 20221129082958.8 | ||
| 020 | |a 80-245-0818-4 | ||
| 041 | 0 | |a cze | |
| 044 | |a CZ | ||
| 245 | 1 | 0 | |a Strategická analýza vybraných faktorů podnikání v Evropské unii |c Jiří Dvořáček a kol. |
| 264 | 1 | |a Praha |b VŠE v Praze, Nakladatelství Oeconomica |c 2005 | |
| 300 | |a 158 s. | ||
| 610 | 2 | 0 | |a Európska únia |
| 610 | 2 | 0 | |a prostredie podnikateľské |
| 610 | 2 | 0 | |a Česko |
| 610 | 2 | 0 | |a USA |
| 610 | 2 | 0 | |a porovnanie medzinárodné |
| 610 | 2 | 0 | |a rast hospodársky |
| 610 | 2 | 0 | |a podnikanie |
| 610 | 2 | 0 | |a stratégia podnikateľská |
| 610 | 2 | 0 | |a politika hospodárska |
| 610 | 2 | 0 | |a politika podnikania |
| 610 | 2 | 0 | |a politika štruktúrna |
| 610 | 2 | 0 | |a podpora podnikania |
| 100 | 1 | |a Dvořáček, Jiří | |
| 710 | 2 | |a Vysoká škola ekonomická v Praze | |